|
|
|
|
| LEADER |
00881nam a22002297a 4500 |
| 001 |
35594 |
| 003 |
BD-DhAAL |
| 005 |
20211201105019.0 |
| 008 |
191113t1964 enk |||| b||| 001 0 eng d |
| 999 |
|
|
|c 41803
|d 41803
|
| 040 |
|
|
|a BD-DhAAL
|
| 082 |
|
|
|a 150.18
|
| 100 |
|
|
|a Hyman, Ray
|9 37060
|
| 245 |
|
|
|a The nature of psychological inquiry /
|c Ray Hyman
|
| 260 |
|
|
|a Englewood Cliffs, N.J. :
|b Prentice-Hall,
|c 1964
|
| 300 |
|
|
|a xi, 116 pages :
|b illustrations ;
|c 23 cm.
|
| 526 |
|
|
|a BIED
|
| 541 |
|
|
|a Complimentary copy from BIED
|e 35594
|
| 650 |
|
|
|a Psychology
|x Methodology
|9 37061
|
| 852 |
|
|
|a Ayesha Abed Library
|c BIED Collection
|
| 942 |
|
|
|2 ddc
|c BK
|
| 952 |
|
|
|0 0
|1 0
|2 ddc
|4 0
|6 150_180000000000000_HYM
|7 0
|9 67115
|a BRACUL
|b BRACUL
|c GEN
|d 2019-11-13
|e Complimentary copy from BIED
|l 2
|m 2
|o 150.18 HYM
|p 3010035594
|r 2025-08-24
|s 2025-08-13
|t 1
|w 2019-11-13
|y BK
|x Transferred from BIED to General Stacks
|